000 00467pab a2200193 454500
008 180718b2009 xxu||||| |||| 00| 0 eng d
100 _aConstant, Amelie F.
245 _aEthnic identity and immigrant homeownership
260 _c2009
300 _ap.1879-898.
362 _aAug
650 _aImmigrants
650 _aEthnic groups
700 _aZimmermann, Klaus F.
700 _aRoberts, Rowan
773 _aUrban Studies
908 _aN
909 _a83771
999 _c83771
_d83771